000 00432nam a22001457a 4500
020 _qPB.
040 _cFIZZA ISHAQ
082 _a512.13
_bLAR
100 _aLarson, Ron.
_939190
245 _aAlgebra and Trigonometry, Towson University Edition Math 115 /
_cRon Larson.
250 _a6th ED.
260 _aUSA:
_bCengage Learning,
_c2011.
300 _aIndex Inc A1 X A 142 ; ill ; 542 P. ;
_c26.5 X 20.5 X 2.3 cm
942 _2ddc
_cBK
999 _c615499
_d615499